NFL Pro Bowl Cornerbacks 2000s - Statistics

General Stats
  • This quiz has been taken 14 times
  • The average score is 32 of 74
Answer Stats
Year Team Player % Correct
2009 Jets Darrelle Revis
92%
2008 Jets Darrelle Revis
92%
2009 Packers Charles Woodson
75%
2008 Packers Charles Woodson
75%
2001 Raiders Charles Woodson
75%
2000 Raiders Charles Woodson
75%
2009 Broncos Champ Bailey
67%
2007 Broncos Champ Bailey
67%
2006 Broncos Champ Bailey
67%
2005 Broncos Champ Bailey
67%
2004 Broncos Champ Bailey
67%
2003 Redskins Champ Bailey
67%
2002 Redskins Champ Bailey
67%
2001 Redskins Champ Bailey
67%
2000 Redskins Champ Bailey
67%
2008 Buccaneers Ronde Barber
67%
2006 Buccaneers Ronde Barber
67%
2005 Buccaneers Ronde Barber
67%
2004 Buccaneers Ronde Barber
67%
2001 Buccaneers Ronde Barber
67%
2001 Rams Aeneas Williams
50%
2009 Raiders Nnamdi Asomugha
50%
2008 Raiders Nnamdi Asomugha
50%
2004 Dolphins Patrick Surtain
50%
2003 Dolphins Patrick Surtain
50%
2002 Dolphins Patrick Surtain
50%
2005 Jets Ty Law
50%
2003 Patriots Ty Law
50%
2002 Patriots Ty Law
50%
2001 Patriots Ty Law
50%
2008 Packers Al Harris
42%
2007 Packers Al Harris
42%
2007 Chargers Antonio Cromartie
42%
2009 Eagles Asante Samuel
42%
2008 Eagles Asante Samuel
42%
2007 Patriots Asante Samuel
42%
2008 Titans Cortland Finnegan
42%
2006 Falcons DeAngelo Hall
42%
2005 Falcons DeAngelo Hall
42%
2009 Cardinals Dominique Rodgers-Cromartie
42%
2007 Seahawks Marcus Trufant
42%
2002 Dolphins Sam Madison
42%
2001 Dolphins Sam Madison
42%
2000 Dolphins Sam Madison
42%
2006 49ers Walt Harris
42%
2009 Vikings Antoine Winfield
33%
2008 Vikings Antoine Winfield
33%
2006 Ravens Chris McAlister
33%
2004 Ravens Chris McAlister
33%
2003 Ravens Chris McAlister
33%
2006 Eagles Lito Sheppard
33%
2004 Eagles Lito Sheppard
33%
2002 Texans Aaron Glenn
25%
2005 Bengals Deltha O'Neal
25%
2001 Broncos Deltha O'Neal
25%
2006 Jaguars Rashean Mathis
25%
2009 Cowboys Terence Newman
25%
2007 Cowboys Terence Newman
25%
2002 Eagles Bobby Taylor
17%
2004 Lions Dre' Bly
17%
2003 Lions Dre' Bly
17%
2009 Cowboys Mike Jenkins
17%
2004 Bills Nate Clements
17%
2005 Bears Nathan Vasher
17%
2000 Titans Samari Rolle
17%
2004 Bills Terrence McGee
17%
2004 Bengals Tory James
17%
2003 Eagles Troy Vincent
17%
2002 Eagles Troy Vincent
17%
2001 Eagles Troy Vincent
17%
2000 Eagles Troy Vincent
17%
2000 Buccaneers Donnie Abraham
8%
2003 Bears Jerry Azumah
8%
2001 Chargers Ryan McNeil
8%
No matching quizzes found
Score Distribution
Percent of People with Each Score
Percentile by Number Answered
Your Score History
You have not taken this quiz